Music Quiz

Random Music or Artist Quiz

Top 100 Bands (1974) Quiz Stats

 Plays Quiz Updated Oct 20, 2016

Support Sporcle.
Go Orange.
Score 0/100 Timer 10:00
6 Plays Today
Song Artist % Correct
Bennie and the JetsElton John
97%
Goodbye Yellow Brick RoadElton John
97%
Don't Let the Sun Go Down on MeElton John
97%
Band on the RunPaul McCartney & Wings
88.6%
JetPaul McCartney & Wings
88.6%
Helen WheelsPaul McCartney & Wings
88.6%
The Way We WereBarbara Streisand
83.1%
Sunshine On My ShouldersJohn Denver
82.9%
Annie's SongJohn Denver
82.9%
WaterlooABBA
82%
The JokerSteve Miller Band
77.8%
I Shot the SheriffEric Clapton
77.5%
Seasons in the SunTerry Jacks
73.4%
Time in a BottleJim Croce
71.1%
I'll Have to Say I Love You in a SongJim Croce
71.1%
Rikki Don't Lose That NumberSteely Dan
63.3%
MockingbirdCarly Simon & James Taylor
62.6%
Top of the WorldThe Carpenters
61.8%
You're SixteenRingo Starr
61.6%
Oh My MyRingo Starr
61.6%
Takin' Care of BusinessBachman-Turner Overdrive
61.5%
Living for the CityStevie Wonder
59.6%
Don't You Worry 'Bout A ThingStevie Wonder
59.6%
Let Me Be ThereOlivia Newton-John
58.9%
If You Love Me (Let Me Know)Olivia Newton-John
58.9%
I Honestly Love YouOlivia Newton-John
58.9%
Oh Very YoungCat Stevens
58.5%
The StreakRay Stevens
58.4%
Radar LoveGolden Earring
55%
Dancing MachineThe Jackson 5
54.5%
(You're) Having My BabyPaul Anka
51.2%
SundownGordon Lightfoot
50.5%
(I've Been) Searchin' So LongChicago
46.7%
Call on MeChicago
46.7%
Song Artist % Correct
Dark LadyCher
46.4%
The Most Beautiful GirlCharlie Rich
45.9%
A Very Special Love SongCharlie Rich
45.9%
The Loco-MotionGrand Funk
45%
Then Came YouDionne Warwick & The Spinners
44.7%
Love's ThemeLove Unlimited Orchestra
44.6%
Jungle BoogieKool & the Gang
43.5%
Hollywood SwingingKool & the Gang
43.5%
My Mistake (Was to Love You)Diana Ross & Marvin Gaye
42.5%
The Air That I BreatheThe Hollies
42.1%
The Night Chicago DiedPaper Lace
41.7%
You and Me Against the WorldHelen Reddy
40.9%
Leave Me Alone (Ruby Red Dress)Helen Reddy
40.9%
Never, Never Gonna Give You UpBarry White
40.6%
Nothing from NothingBilly Preston
40.2%
Feel Like Makin' LoveRoberta Flack
38.5%
Hello It's MeTodd Rundgren
38.6%
Best Thing That Ever Happened to MeGladys Knight & the Pips
38.5%
I've Got to Use My ImaginationGladys Knight & the Pips
38.5%
On and OnGladys Knight & the Pips
38.5%
Me and Baby BrotherWar
36.9%
Tubular BellsMike Oldfield
36.2%
Smokin' in the Boys RoomBrownsville Station
36%
Mighty Love, Pt. 1The Spinners
35.6%
Clap for the WolfmanThe Guess Who feat. Wolfman Jack
35.3%
Until You Come Back to Me (That's What I'm Gonna Do)Aretha Franklin
34.3%
Rock Me GentlyAndy Kim
34%
I'm Leaving It All Up to YouDonny & Marie Osmond
34%
Hooked on a FeelingBlue Swede
33.8%
Tell Me Something GoodRufus
33.7%
Rock OnDavid Essex
33.6%
Rock the BoatHues Corporation
33.3%
Come and Get Your LoveRedbone
33%
Midnight at the OasisMaria Muldaur
32.5%
Song Artist % Correct
Spiders and SnakesJim Stafford
32.3%
My Girl BillJim Stafford
32.3%
Wildwood WeedJim Stafford
32.3%
Put Your Hands TogetherThe O'Jays
31.8%
For the Love of MoneyThe O'Jays
31.8%
Please Come to BostonDave Loggins
31.7%
You Make Me Feel Brand NewThe Stylistics
31.4%
Rockin' Roll BabyThe Stylistics
31.4%
You Won't See MeAnne Murray
30.6%
A Love SongAnne Murray
30.6%
The Show Must Go OnThree Dog Night
29.6%
The EntertainerMarvin Hamlisch
28.5%
One Hell of a WomanMac Davis
26%
Rock and Roll HeavenThe Righteous Brothers
25.7%
Help MeJoni Mitchell
23.5%
TSOP (The Sound of Philadelphia)MFSB
23.2%
Billy Don't Be a HeroBo Donaldson & the Heywoods
21.4%
Show and TellAl Wilson
20.1%
Rock Your BabyGeorge McCrae
18.1%
I LoveTom T. Hall
17.7%
Beach BabyThe First Class
14.1%
Boogie DownEddie Kendricks
12.9%
Keep on Smilin'Wet Willie
11.2%
The Lord's PrayerSister Janet Mead
11%
SideshowBlue Magic
10.3%
Eres TĂș (Touch the Wind)Mocedades
9.4%
Just Don't Want to Be LonelyThe Main Ingredient
9%
Hang On In There BabyJohnny Bristol
7.5%
Be Thankful for What You GotWilliam DeVaughn
7.2%
Lookin' For a LoveBobby Womack
6.8%
Wild ThingFancy
5.9%
Trying to Hold On to My WomanLamont Dozier
4.8%

You're not logged in!

Compare scores with friends on all Sporcle quizzes.
OR
Log In

From the Vault

Restaurant Logos

by BanjoZebra

If you were hungry for another logo quiz, feast on this!
Remove Ads.
Support Sporcle.
Get the best of Sporcle when you Go Orange. This ad-free experience offers more features, more stats, and more fun while also helping to support Sporcle. Thank you for becoming a member.

Show Comments

Extras

Top Quizzes Today


Score Distribution

Your Account Isn't Verified!

In order to create a playlist on Sporcle, you need to verify the email address you used during registration. Go to your Sporcle Settings to finish the process.

Report this User

Report this user for behavior that violates our Community Guidelines.

Details: